Metodología didáctica /
Guardado en:
| Autor Principal: | |
|---|---|
| Formato: | Libro |
| Publicado: |
España :
Rialp,
1968
|
| Edición: | 3a. ed. |
| Materias: | |
| Etiquetas: |
Agregar Etiqueta
Sin Etiquetas, Sea el primero en etiquetar este registro!
|
| LEADER | 00461nam a22001815a 4500 | ||
|---|---|---|---|
| 001 | CEM.cems006782 | ||
| 005 | 20060214000000.0 | ||
| 008 | 130507s1968##################000#0#####d | ||
| 003 | CEMS | ||
| 082 | 0 | 4 | |a 370.1 |
| 100 | 1 | |a Titone, Renzo | |
| 245 | 1 | 0 | |a Metodología didáctica / |
| 250 | |a 3a. ed. | ||
| 260 | |a España : |b Rialp, |c 1968 | ||
| 300 | |a 667 p. | ||
| 653 | |a Didactica | ||
| 653 | |a Educacion | ||
| 859 | |a CEMS |b BIB. CEMS - 11 de abril |h 370.1 |i T538a3 |p 4375.75 |t Ej.1 | ||
